[Event "ABC 2024 Utrecht, Groep B"]
[Site "Utrecht"]
[Date "2024.03.09"]
[Round "2.12"]
[White "Omnes, Tiago"]
[Black "Leenen, Boyd"]
[Result "0-1"]
[WhiteElo "1676"]
[BlackElo "1852"]

1. e4 {[%clk 00:55:18]} {[%emt 00:00:01]} e5 {[%clk 00:55:17]} {[%emt
00:00:04]} 2. Nf3 {[%clk 00:55:22]} {[%emt 00:00:05]} Nc6 {[%clk 00:55:23]}
{[%emt 00:00:04]} 3. Bc4 {[%clk 00:55:25]} {[%emt 00:00:08]} Nf6 {[%clk
00:55:27]} {[%emt 00:00:05]} 4. d3 {[%clk 00:55:15]} {[%emt 00:00:20]} Bc5
{[%clk 00:55:31]} {[%emt 00:00:07]} 5. c3 {[%clk 00:55:02]} {[%emt 00:00:23]}
d6 {[%clk 00:55:24]} {[%emt 00:00:16]} 6. O-O {[%clk 00:55:03]} {[%emt
00:00:10]} a5 {[%clk 00:55:25]} {[%emt 00:00:09]} 7. a4 {[%clk 00:55:04]}
{[%emt 00:00:09]} h6 {[%clk 00:55:22]} {[%emt 00:00:12]} 8. Re1 {[%clk
00:55:09]} {[%emt 00:00:06]} O-O {[%clk 00:55:23]} {[%emt 00:00:08]} 9. Nbd2
{[%clk 00:55:03]} {[%emt 00:00:16]} Re8 {[%emt 00:00:12]} 10. Qb3 {[%clk
00:54:44]} {[%emt 00:00:26]} Qe7 {[%clk 00:54:56]} {[%emt 00:00:37]} 11. Nf1
{[%clk 00:54:19]} {[%emt 00:00:35]} b6 {[%clk 00:50:45]} {[%emt 00:04:22]} 12.
Be3 {[%clk 00:54:16]} {[%emt 00:00:13]} Bxe3 {[%clk 00:50:31]} {[%emt
00:00:25]} 13. Nxe3 {[%clk 00:54:16]} {[%emt 00:00:07]} Be6 {[%clk 00:50:28]}
{[%emt 00:00:15]} 14. Nd5 {[%clk 00:54:01]} {[%emt 00:00:26]} Bxd5 {[%clk
00:49:41]} {[%emt 00:00:56]} 15. Bxd5 {[%clk 00:54:01]} {[%emt 00:00:10]} Nxd5
{[%clk 00:49:36]} {[%emt 00:00:15]} 16. Qxd5 {[%clk 00:53:41]} {[%emt
00:00:31]} Qd7 {[%clk 00:49:35]} {[%emt 00:00:09]} 17. d4 {[%clk 00:53:29]}
{[%emt 00:00:22]} exd4 {[%clk 00:48:22]} {[%emt 00:01:25]} 18. Nxd4 {[%clk
00:53:03]} {[%emt 00:00:34]} Nxd4 {[%clk 00:48:16]} {[%emt 00:00:17]} 19. Qxd4
{[%clk 00:51:43]} {[%emt 00:01:31]} Re7 {[%clk 00:47:28]} {[%emt 00:00:57]} 20.
Rad1 {[%clk 00:50:53]} {[%emt 00:01:00]} Rae8 {[%clk 00:47:28]} {[%emt
00:00:10]} 21. f3 {[%clk 00:50:25]} {[%emt 00:00:38]} Qc6 {[%clk 00:46:35]}
{[%emt 00:01:02]} 22. b3 {[%clk 00:49:30]} {[%emt 00:01:06]} f5 {[%clk
00:46:20]} {[%emt 00:00:27]} 23. Re2 {[%clk 00:43:12]} {[%emt 00:06:26]} fxe4
{[%clk 00:45:34]} {[%emt 00:00:57]} 24. Rde1 {[%clk 00:43:16]} {[%emt
00:00:06]} d5 {[%clk 00:45:07]} {[%emt 00:00:38]} 25. c4 {[%clk 00:43:08]}
{[%emt 00:00:16]} dxc4 {[%clk 00:45:01]} {[%emt 00:00:16]} 26. Qxc4+ {[%clk
00:42:51]} {[%emt 00:00:28]} Qxc4 {[%clk 00:45:03]} {[%emt 00:00:07]} 27. bxc4
{[%clk 00:42:55]} {[%emt 00:00:06]} e3 {[%clk 00:45:03]} {[%emt 00:00:11]} 28.
g3 {[%clk 00:42:45]} {[%emt 00:00:19]} Re5 {[%clk 00:44:23]} {[%emt 00:00:50]}
29. f4 {[%clk 00:42:27]} {[%emt 00:00:28]} Rc5 {[%clk 00:44:13]} {[%emt
00:00:21]} 30. Rc1 {[%clk 00:40:38]} {[%emt 00:01:59]} Re4 {[%clk 00:44:15]}
{[%emt 00:00:07]} 31. Rec2 {[%clk 00:40:00]} {[%emt 00:00:48]} e2 {[%clk
00:44:04]} {[%emt 00:00:21]} 32. Kf2 {[%clk 00:40:07]} {[%emt 00:00:03]} Rcxc4
{[%clk 00:43:57]} {[%emt 00:00:18]} 33. Rxc4 {[%clk 00:39:14]} {[%emt
00:01:03]} e1=Q+ {[%clk 00:43:59]} {[%emt 00:00:07]} 34. Rxe1 {[%clk 00:39:18]}
{[%emt 00:00:06]} Rxc4 {[%clk 00:44:06]} {[%emt 00:00:04]} 35. Re7 {[%clk
00:39:13]} {[%emt 00:00:15]} Rxa4 {[%clk 00:43:27]} {[%emt 00:00:48]} 36. Rxc7
{[%clk 00:39:17]} {[%emt 00:00:06]} Ra2+ {[%clk 00:43:24]} {[%emt 00:00:13]} 37.
Ke3 {[%clk 00:39:04]} {[%emt 00:00:23]} Rxh2 {[%clk 00:43:26]} {[%emt
00:00:08]} 38. Rb7 {[%clk 00:39:08]} {[%emt 00:00:07]} Rb2 {[%clk 00:43:29]}
{[%emt 00:00:07]} 39. Kd4 {[%clk 00:39:11]} {[%emt 00:00:07]} a4 {[%clk
00:42:11]} {[%emt 00:01:28]} 40. Ra7 {[%clk 00:39:11]} {[%emt 00:00:11]} b5
{[%clk 00:42:11]} {[%emt 00:00:09]} 41. Ke5 {[%clk 00:38:07]} {[%emt 00:01:13]}
Rb3 {[%clk 00:41:56]} {[%emt 00:00:25]} 42. g4 {[%clk 00:38:04]} {[%emt
00:00:12]} a3 {[%clk 00:41:48]} {[%emt 00:00:20]} 43. Kf5 {[%clk 00:37:48]}
{[%emt 00:00:26]} b4 {[%clk 00:40:44]} {[%emt 00:01:14]} 44. Kg6 {[%clk
00:37:42]} {[%emt 00:00:15]} Kf8 {[%clk 00:40:52]} {[%emt 00:00:03]} 45. Ra8+
{[%clk 00:37:05]} {[%emt 00:00:47]} Ke7 {[%clk 00:40:57]} {[%emt 00:00:05]} 46.
Kxg7 {[%clk 00:36:57]} {[%emt 00:00:17]} Rg3 {[%clk 00:40:58]} {[%emt
00:00:09]} 47. g5 {[%clk 00:36:47]} {[%emt 00:00:20]} hxg5 {[%clk 00:40:59]}
{[%emt 00:00:09]} 48. f5 {[%clk 00:36:52]} {[%emt 00:00:05]} Rf3 {[%clk
00:40:58]} {[%emt 00:00:11]} 49. f6+ {[%clk 00:36:55]} {[%emt 00:00:09]} Rxf6
{[%clk 00:40:39]} {[%emt 00:00:28]} 50. Ra7+ {[%clk 00:37:00]} {[%emt
00:00:05]} Ke6 {[%clk 00:40:46]} {[%emt 00:00:03]} 51. Ra6+ {[%clk 00:37:04]}
{[%emt 00:00:07]} Kd5 {[%clk 00:40:50]} {[%emt 00:00:04]} 52. Kxf6 {[%clk
00:37:02]} {[%emt 00:00:12]} g4 {[%clk 00:40:53]} {[%emt 00:00:07]} 53. Ra5+
{[%clk 00:35:58]} {[%emt 00:01:15]} Kc4 {[%clk 00:40:35]} {[%emt 00:00:28]} 54.
Rg5 {[%clk 00:35:55]} {[%emt 00:00:13]} a2 {[%clk 00:40:13]} {[%emt 00:00:32]}
55. Rxg4+ {[%clk 00:36:01]} {[%emt 00:00:04]} Kc3 {[%clk 00:40:20]} {[%emt
00:00:04]} 56. Rg3+ {[%clk 00:35:59]} {[%emt 00:00:11]} Kb2 {[%clk 00:40:24]}
{[%emt 00:00:05]} 57. Rg2+ {[%clk 00:35:55]} {[%emt 00:00:14]} Ka3 {[%clk
00:40:30]} {[%emt 00:00:05]} 58. Rg1 {[%clk 00:35:53]} {[%emt 00:00:11]} b3
{[%clk 00:40:35]} {[%emt 00:00:06]} 59. Ke5 {[%clk 00:35:38]} {[%emt 00:00:25]}
b2 {[%clk 00:40:39]} {[%emt 00:00:06]} 60. Rg3+ {[%clk 00:35:41]} {[%emt
00:00:07]} Kb4 {[%clk 00:40:43]} {[%emt 00:00:05]} 61. Rg4+ {[%clk 00:35:44]}
{[%emt 00:00:07]} Kc5 {[%clk 00:40:46]} {[%emt 00:00:06]} 62. Rg1 {[%clk
00:34:45]} {[%emt 00:01:10]} a1=Q {[%clk 00:40:49]} {[%emt 00:00:08]} 63. Rg7
{[%clk 00:34:10]} {[%emt 00:00:45]} b1=Q {[%clk 00:40:47]} {[%emt 00:00:12]} 64.
Ke6 {[%clk 00:34:13]} {[%emt 00:00:06]} Qe4+ {[%clk 00:40:36]} {[%emt
00:00:21]} 65. Kf7 {[%clk 00:34:05]} {[%emt 00:00:19]} Qa7+ {[%clk 00:40:38]}
{[%emt 00:00:07]} 66. Kg8 {[%clk 00:33:36]} {[%emt 00:00:39]} Qb8+ {[%clk
00:40:36]} {[%emt 00:00:11]} 67. Kf7 {[%clk 00:33:36]} {[%emt 00:00:11]} Qbe8+
{[%clk 00:40:39]} {[%emt 00:00:08]} 68. Kf6 {[%clk 00:33:32]} {[%emt 00:00:14]}
Q4e5+ {[%clk 00:40:33]} 0-1

[Event "ABC 2024 Utrecht, Groep B"]
[Site "Utrecht"]
[Date "2024.03.09"]
[Round "3.1"]
[White "Roolvink, William"]
[Black "Winter, Sven"]
[Result "0-1"]
[WhiteElo "1977"]
[BlackElo "1864"]

1. e4 {[%clk 00:55:12]} {[%emt 00:00:08]} c6 {[%clk 00:55:17]} {[%emt
00:00:04]} 2. Nf3 {[%clk 00:55:14]} {[%emt 00:00:08]} d5 {[%clk 00:55:21]}
{[%emt 00:00:06]} 3. d3 {[%clk 00:55:22]} {[%emt 00:00:02]} g6 {[%clk
00:55:16]} {[%emt 00:00:14]} 4. e5 {[%clk 00:55:09]} {[%emt 00:00:23]} Bg4
{[%clk 00:54:52]} {[%emt 00:00:34]} 5. d4 {[%clk 00:54:34]} {[%emt 00:00:46]}
c5 {[%clk 00:54:47]} {[%emt 00:00:15]} 6. c3 {[%clk 00:54:05]} {[%emt
00:00:39]} Nc6 {[%clk 00:54:27]} {[%emt 00:00:29]} 7. Nbd2 {[%clk 00:50:23]}
{[%emt 00:03:53]} e6 {[%clk 00:52:29]} {[%emt 00:02:09]} 8. h3 {[%clk
00:47:41]} {[%emt 00:02:52]} Bxf3 {[%clk 00:52:03]} {[%emt 00:00:36]} 9. Nxf3
{[%clk 00:47:47]} {[%emt 00:00:03]} cxd4 {[%clk 00:50:57]} {[%emt 00:01:17]} 10.
cxd4 {[%clk 00:47:54]} {[%emt 00:00:03]} Nge7 {[%clk 00:50:41]} {[%emt
00:00:25]} 11. Be2 {[%clk 00:46:53]} {[%emt 00:01:11]} Nf5 {[%emt 00:12:35]} 12.
g4 {[%clk 00:33:14]} {[%emt 00:02:46]} Nh4 {[%clk 00:47:40]} {[%emt 00:01:48]}
13. Nxh4 {[%clk 00:32:48]} {[%emt 00:00:37]} Qxh4 {[%clk 00:46:56]} {[%emt
00:00:53]} 14. Kf1 {[%clk 00:30:14]} {[%emt 00:02:45]} a6 {[%clk 00:44:23]}
{[%emt 00:02:44]} 15. Be3 {[%clk 00:28:07]} {[%emt 00:02:16]} Bg7 {[%clk
00:31:58]} {[%emt 00:12:34]} 16. Kg2 {[%clk 00:24:43]} {[%emt 00:03:34]} O-O
{[%clk 00:29:44]} {[%emt 00:02:25]} 17. Qd2 {[%clk 00:17:48]} {[%emt 00:07:06]}
f6 {[%clk 00:26:57]} {[%emt 00:02:56]} 18. f3 {[%clk 00:11:09]} {[%emt
00:06:49]} Rf7 {[%clk 00:16:24]} {[%emt 00:10:41]} 19. Bf2 {[%clk 00:05:55]}
{[%emt 00:05:26]} Bh6 {[%clk 00:09:58]} {[%emt 00:06:36]} 20. f4 {[%clk
00:04:59]} {[%emt 00:01:06]} Qxf2+ {[%clk 00:08:01]} {[%emt 00:02:07]} 21. Kxf2
{[%clk 00:05:01]} {[%emt 00:00:08]} fxe5 {[%clk 00:07:48]} {[%emt 00:00:24]} 22.
dxe5 {[%clk 00:03:00]} {[%emt 00:02:11]} Bxf4 {[%clk 00:07:13]} {[%emt
00:00:45]} 23. Qc2 {[%clk 00:01:19]} {[%emt 00:01:49]} Nd4 {[%clk 00:06:04]}
{[%emt 00:01:20]} 24. Qd3 {[%clk 00:01:15]} {[%emt 00:00:15]} Rc8 {[%clk
00:03:46]} {[%emt 00:02:27]} 25. Bd1 {[%clk 00:00:19]} {[%emt 00:01:06]} Bxe5+
{[%clk 00:00:50]} {[%emt 00:03:07]} 26. Ke1 {[%clk 00:00:28]} Rcf8 {[%clk
00:00:21]} {[%emt 00:00:39]} 27. Qd2 {[%clk 00:00:15]} {[%emt 00:00:23]} Bg3+
{[%clk 00:00:20]} {[%emt 00:00:11]} 28. Qf2 {[%clk 00:00:11]} {[%emt 00:00:15]}
Rxf2 {[%clk 00:00:27]} {[%emt 00:00:02]} 29. Rg1 {[%clk 00:00:11]} {[%emt
00:00:10]} Re2# {[%clk 00:00:33]} {[%emt 00:00:04]} 0-1

[Event "ABC 2024 Utrecht, Groep B"]
[Site "Utrecht"]
[Date "2024.03.09"]
[Round "3.2"]
[White "Kshirsagar, Pranav"]
[Black "Anssems, Gyan"]
[Result "1/2-1/2"]
[WhiteElo "1956"]
[BlackElo "1798"]

1. Nf3 {[%clk 00:55:17]} {[%emt 00:00:02]} e6 {[%clk 00:55:10]} {[%emt
00:00:10]} 2. d4 {[%clk 00:55:20]} {[%emt 00:00:07]} c5 {[%clk 00:55:17]}
{[%emt 00:00:04]} 3. c3 {[%clk 00:54:34]} {[%emt 00:00:56]} Nf6 {[%clk
00:55:00]} {[%emt 00:00:26]} 4. g3 {[%clk 00:54:17]} {[%emt 00:00:27]} Nc6
{[%clk 00:54:50]} {[%emt 00:00:21]} 5. Bg2 {[%clk 00:53:45]} {[%emt 00:00:41]}
Be7 {[%clk 00:54:33]} {[%emt 00:00:27]} 6. O-O {[%clk 00:53:17]} {[%emt
00:00:38]} d5 {[%clk 00:54:04]} {[%emt 00:00:40]} 7. Re1 {[%clk 00:52:45]}
{[%emt 00:00:42]} O-O {[%clk 00:51:08]} {[%emt 00:03:05]} 8. Nbd2 {[%clk
00:49:14]} {[%emt 00:03:41]} cxd4 {[%clk 00:50:58]} {[%emt 00:00:20]} 9. Nxd4
{[%clk 00:48:58]} {[%emt 00:00:26]} e5 {[%clk 00:50:48]} {[%emt 00:00:21]} 10.
Nxc6 {[%clk 00:48:04]} {[%emt 00:01:03]} bxc6 {[%clk 00:50:48]} {[%emt
00:00:10]} 11. Nb3 {[%clk 00:43:42]} {[%emt 00:04:33]} Be6 {[%clk 00:50:06]}
{[%emt 00:00:52]} 12. Bg5 {[%clk 00:43:20]} {[%emt 00:00:31]} h6 {[%clk
00:50:03]} {[%emt 00:00:13]} 13. Bxf6 {[%clk 00:42:58]} {[%emt 00:00:33]} Bxf6
{[%clk 00:50:05]} {[%emt 00:00:07]} 14. e4 {[%clk 00:41:43]} {[%emt 00:01:26]}
Rb8 {[%emt 00:06:32]} 15. Qc2 {[%clk 00:38:39]} {[%emt 00:01:01]} Qb6 {[%clk
00:44:55]} {[%emt 00:01:11]} 16. Re2 {[%clk 00:28:53]} {[%emt 00:09:56]} Rfd8
{[%clk 00:43:20]} {[%emt 00:01:45]} 17. Rd1 {[%clk 00:25:37]} {[%emt 00:03:25]}
a5 {[%clk 00:41:59]} {[%emt 00:01:32]} 18. Red2 {[%clk 00:23:45]} {[%emt
00:02:01]} d4 {[%clk 00:40:15]} {[%emt 00:01:54]} 19. cxd4 {[%clk 00:23:23]}
{[%emt 00:00:33]} Bxb3 {[%clk 00:38:47]} {[%emt 00:01:38]} 20. axb3 {[%clk
00:22:37]} {[%emt 00:00:56]} exd4 {[%clk 00:38:07]} {[%emt 00:00:49]} 21. Rd3
{[%clk 00:21:54]} {[%emt 00:00:54]} c5 {[%clk 00:35:30]} {[%emt 00:02:47]} 22.
Rc1 {[%clk 00:19:15]} {[%emt 00:02:48]} Be7 {[%clk 00:33:25]} {[%emt 00:02:16]}
23. Ra1 {[%clk 00:17:52]} {[%emt 00:01:33]} Rdc8 {[%clk 00:31:22]} {[%emt
00:02:13]} 24. Ra4 {[%clk 00:17:42]} {[%emt 00:00:19]} Rc7 {[%clk 00:29:10]}
{[%emt 00:02:22]} 25. e5 {[%clk 00:14:56]} {[%emt 00:02:57]} Rd8 {[%clk
00:24:52]} {[%emt 00:04:27]} 26. Qc4 {[%clk 00:13:21]} {[%emt 00:01:45]} Rcd7
{[%emt 00:04:05]} 27. f4 {[%clk 00:10:59]} {[%emt 00:01:55]} Bf8 {[%clk
00:19:20]} {[%emt 00:02:24]} 28. Be4 {[%clk 00:10:16]} {[%emt 00:00:53]} Ra7
{[%clk 00:17:31]} {[%emt 00:01:59]} 29. Kg2 {[%clk 00:09:13]} {[%emt 00:01:13]}
Qe6 {[%clk 00:16:40]} {[%emt 00:01:00]} 30. Qxe6 {[%clk 00:08:29]} {[%emt
00:00:54]} fxe6 {[%clk 00:16:45]} {[%emt 00:00:06]} 31. Kf3 {[%clk 00:07:21]}
{[%emt 00:01:18]} Rb8 {[%clk 00:16:15]} {[%emt 00:00:40]} 32. Ke2 {[%clk
00:06:53]} {[%emt 00:00:37]} Rb4 {[%emt 00:01:33]} 33. Kd2 {[%clk 00:05:04]}
{[%emt 00:00:45]} Ra6 {[%clk 00:13:41]} {[%emt 00:02:35]} 34. Kc2 {[%clk
00:05:05]} {[%emt 00:00:10]} Be7 {[%clk 00:12:09]} {[%emt 00:01:42]} 35. Rd1
{[%clk 00:03:46]} {[%emt 00:01:28]} Rxa4 {[%clk 00:11:17]} {[%emt 00:01:03]} 36.
bxa4 {[%clk 00:03:52]} {[%emt 00:00:04]} Rb6 {[%clk 00:11:14]} {[%emt
00:00:13]} 37. Bd3 {[%clk 00:03:25]} {[%emt 00:00:37]} Rb4 {[%clk 00:10:42]}
{[%emt 00:00:42]} 38. b3 {[%clk 00:03:30]} {[%emt 00:00:05]} Rb8 {[%clk
00:10:23]} {[%emt 00:00:28]} 39. Bc4 {[%clk 00:03:28]} {[%emt 00:00:13]} Kf7
{[%clk 00:09:43]} {[%emt 00:00:50]} 40. f5 {[%clk 00:03:15]} {[%emt 00:00:24]}
Bg5 {[%clk 00:09:37]} {[%emt 00:00:16]} 41. Bxe6+ {[%clk 00:03:07]} {[%emt
00:00:17]} Ke7 {[%clk 00:09:36]} {[%emt 00:00:11]} 42. Bc4 {[%clk 00:02:46]}
{[%emt 00:00:31]} Rf8 {[%clk 00:09:13]} {[%emt 00:00:32]} 43. Rf1 {[%clk
00:02:33]} {[%emt 00:00:24]} Be3 {[%clk 00:08:45]} {[%emt 00:00:38]} 44. Kd3
{[%clk 00:02:30]} {[%emt 00:00:13]} Bg5 {[%clk 00:07:36]} {[%emt 00:01:18]} 45.
Ke4 {[%clk 00:02:24]} {[%emt 00:00:17]} Rd8 {[%clk 00:07:01]} {[%emt 00:00:46]}
46. Rf3 {[%emt 00:00:47]} Be3 {[%clk 00:06:06]} {[%emt 00:00:49]} 47. h4 {[%clk
00:01:47]} {[%emt 00:00:25]} Rd7 {[%clk 00:04:59]} {[%emt 00:01:17]} 48. g4
{[%clk 00:01:49]} {[%emt 00:00:08]} Kf8 {[%clk 00:04:57]} {[%emt 00:00:13]} 49.
f6 {[%clk 00:01:22]} {[%emt 00:00:37]} gxf6 {[%clk 00:03:34]} {[%emt 00:01:32]}
50. Rxf6+ {[%clk 00:01:24]} {[%emt 00:00:08]} Kg7 {[%clk 00:03:34]} {[%emt
00:00:10]} 51. Rc6 {[%clk 00:01:23]} {[%emt 00:00:10]} Bf2 {[%clk 00:03:13]}
{[%emt 00:00:31]} 52. h5 {[%clk 00:00:56]} {[%emt 00:00:37]} Bg1 {[%clk
00:02:47]} {[%emt 00:00:37]} 53. Rd6 {[%clk 00:00:43]} {[%emt 00:00:23]} Rxd6
{[%clk 00:02:31]} {[%emt 00:00:26]} 54. exd6 {[%emt 00:00:02]} Kf6 {[%clk
00:02:34]} {[%emt 00:00:06]} 55. Kd5 {[%clk 00:00:45]} {[%emt 00:00:17]} Be3
{[%clk 00:01:51]} {[%emt 00:00:53]} 56. Kxc5 {[%clk 00:00:44]} {[%emt
00:00:11]} d3+ {[%clk 00:01:59]} {[%emt 00:00:02]} 57. Kc6 {[%clk 00:00:52]}
{[%emt 00:00:03]} d2 {[%clk 00:02:06]} {[%emt 00:00:02]} 58. Be2 {[%clk
00:01:01]} Ke6 {[%clk 00:02:01]} {[%emt 00:00:16]} 59. Bf3 {[%clk 00:00:43]}
{[%emt 00:00:28]} Bf4 {[%clk 00:02:02]} {[%emt 00:00:09]} 60. d7 {[%clk
00:00:30]} {[%emt 00:00:24]} Ke7 {[%clk 00:02:11]} {[%emt 00:00:01]} 61. Kb5
{[%clk 00:00:38]} {[%emt 00:00:01]} Bc7 {[%clk 00:02:08]} {[%emt 00:00:13]} 62.
Kc6 {[%clk 00:00:28]} {[%emt 00:00:19]} Bd8 {[%clk 00:02:16]} {[%emt 00:00:02]}
63. Be2 {[%clk 00:00:31]} {[%emt 00:00:08]} Ke6 {[%clk 00:02:16]} {[%emt
00:00:10]} 64. Bf3 {[%clk 00:00:40]} Ke7 {[%clk 00:02:25]} {[%emt 00:00:01]} 65.
Bd1 {[%clk 00:00:42]} {[%emt 00:00:08]} Ke6 {[%clk 00:02:34]} 66. Kb5 {[%clk
00:00:20]} {[%emt 00:00:32]} Kxd7 {[%clk 00:02:49]} {[%emt 00:00:02]} 67. b4
axb4 68. Kxb4 {[%clk 00:00:39]} Kc6 {[%clk 00:02:53]} {[%emt 00:00:05]} 69. a5
{[%clk 00:00:41]} {[%emt 00:00:09]} Kb7 {[%clk 00:02:56]} {[%emt 00:00:07]} 70.
Kb5 {[%clk 00:00:50]} {[%emt 00:00:02]} Be7 {[%clk 00:02:54]} {[%emt 00:00:12]}
71. Be2 {[%clk 00:00:50]} {[%emt 00:00:08]} Ka7 {[%clk 00:02:55]} {[%emt
00:00:10]} 72. Kc6 {[%clk 00:00:24]} {[%emt 00:00:36]} Bg5 {[%clk 00:02:52]}
{[%emt 00:00:13]} 73. Kd5 {[%clk 00:00:25]} {[%emt 00:00:09]} Be3 {[%clk
00:02:57]} {[%emt 00:00:05]} 74. Ke4 {[%clk 00:00:32]} {[%emt 00:00:03]} Bg5
{[%clk 00:03:06]} {[%emt 00:00:01]} 75. Kd3 {[%clk 00:00:24]} {[%emt 00:00:19]}
Bf4 {[%clk 00:03:07]} {[%emt 00:00:09]} 76. Ke4 {[%clk 00:00:30]} {[%emt
00:00:03]} Bg5 {[%clk 00:03:16]} 77. Kf5 {[%clk 00:00:38]} {[%emt 00:00:03]}
Be3 {[%clk 00:03:24]} 78. Kg6 {[%clk 00:00:31]} {[%emt 00:00:17]} Bg5 {[%clk
00:03:29]} {[%emt 00:00:04]} 79. Kf5 {[%clk 00:00:37]} {[%emt 00:00:05]} Be3
{[%clk 00:03:38]} 80. Ke6 {[%clk 00:00:43]} {[%emt 00:00:04]} Bg5 {[%clk
00:03:45]} {[%emt 00:00:03]} 81. Kd5 {[%clk 00:00:29]} {[%emt 00:00:25]} Be3
{[%clk 00:03:53]} {[%emt 00:00:01]} 1/2-1/2

[Event "ABC 2024 Utrecht, Groep B"]
[Site "Utrecht"]
[Date "2024.03.09"]
[Round "3.3"]
[White "Leenen, Boyd"]
[Black "Guillaumond, Matthieu"]
[Result "1/2-1/2"]
[WhiteElo "1852"]
[BlackElo "1948"]

1. d4 {[%clk 00:55:16]} {[%emt 00:00:03]} Nf6 {[%clk 00:55:17]} {[%emt
00:00:03]} 2. c4 {[%clk 00:55:20]} {[%emt 00:00:06]} g6 {[%clk 00:55:24]}
{[%emt 00:00:04]} 3. Nc3 {[%clk 00:55:20]} {[%emt 00:00:09]} Bg7 {[%clk
00:55:31]} {[%emt 00:00:04]} 4. e4 {[%clk 00:55:17]} {[%emt 00:00:12]} d6
{[%clk 00:55:39]} {[%emt 00:00:02]} 5. Nf3 {[%clk 00:55:20]} {[%emt 00:00:07]}
O-O {[%clk 00:55:45]} {[%emt 00:00:05]} 6. Be2 {[%clk 00:55:22]} {[%emt
00:00:06]} e5 {[%clk 00:55:53]} {[%emt 00:00:04]} 7. O-O {[%clk 00:55:14]}
{[%emt 00:00:18]} Nc6 {[%clk 00:55:59]} {[%emt 00:00:04]} 8. dxe5 {[%clk
00:54:58]} {[%emt 00:00:25]} dxe5 {[%clk 00:55:37]} {[%emt 00:00:32]} 9. h3
{[%clk 00:54:50]} Be6 {[%clk 00:52:26]} {[%emt 00:03:40]} 10. Be3 {[%clk
00:54:45]} a5 {[%clk 00:50:07]} {[%emt 00:02:44]} 11. a3 {[%emt 00:01:48]} h6
{[%emt 00:06:55]} 12. Qxd8 {[%clk 00:45:19]} {[%emt 00:03:44]} Rfxd8 {[%clk
00:47:27]} {[%emt 00:00:19]} 13. Rad1 {[%clk 00:45:18]} {[%emt 00:00:09]} Rac8
{[%emt 00:16:02]} 14. b3 {[%clk 00:31:56]} {[%emt 00:01:19]} Bf8 {[%clk
00:40:21]} {[%emt 00:03:39]} 15. Bd3 {[%clk 00:30:52]} {[%emt 00:01:15]} Bxa3
{[%clk 00:35:20]} {[%emt 00:05:11]} 16. Bxh6 {[%clk 00:30:36]} {[%emt
00:00:24]} Nb4 {[%clk 00:33:56]} {[%emt 00:01:35]} 17. Bb1 {[%clk 00:29:43]}
{[%emt 00:01:02]} c6 {[%clk 00:31:52]} {[%emt 00:02:16]} 18. Be3 {[%clk
00:27:55]} {[%emt 00:01:56]} Nd7 {[%clk 00:29:02]} {[%emt 00:03:01]} 19. Ng5
{[%clk 00:26:26]} {[%emt 00:01:38]} Nf8 {[%clk 00:14:06]} {[%emt 00:15:07]} 20.
Bb6 {[%clk 00:26:23]} {[%emt 00:00:12]} Rxd1 {[%clk 00:14:09]} {[%emt
00:00:07]} 21. Rxd1 {[%clk 00:26:28]} {[%emt 00:00:06]} Na6 {[%clk 00:12:40]}
{[%emt 00:01:39]} 22. Bxa5 {[%clk 00:25:48]} {[%emt 00:00:50]} Nc5 {[%clk
00:12:09]} {[%emt 00:00:41]} 23. Bc2 {[%clk 00:25:07]} {[%emt 00:00:49]} Ra8
{[%clk 00:10:24]} {[%emt 00:01:56]} 24. Bb6 {[%clk 00:23:51]} {[%emt 00:01:26]}
Bb4 {[%clk 00:07:06]} {[%emt 00:03:29]} 25. Bxc5 {[%clk 00:22:00]} {[%emt
00:02:01]} Bxc5 {[%clk 00:07:10]} {[%emt 00:00:05]} 26. Na4 {[%clk 00:21:44]}
{[%emt 00:00:27]} Bd4 {[%clk 00:07:03]} {[%emt 00:00:16]} 27. Nf3 {[%clk
00:21:46]} {[%emt 00:00:08]} b5 {[%clk 00:05:33]} {[%emt 00:01:41]} 28. Nxd4
{[%clk 00:21:50]} {[%emt 00:00:06]} exd4 {[%clk 00:05:26]} {[%emt 00:00:17]} 29.
cxb5 {[%clk 00:21:20]} {[%emt 00:00:40]} cxb5 {[%clk 00:05:35]} {[%emt
00:00:01]} 30. Nc5 {[%clk 00:21:18]} {[%emt 00:00:12]} Ra2 {[%clk 00:02:17]}
{[%emt 00:03:27]} 31. Bd3 {[%clk 00:20:50]} {[%emt 00:00:38]} b4 {[%clk
00:02:26]} {[%emt 00:00:01]} 32. Nxe6 {[%clk 00:20:48]} {[%emt 00:00:13]} Nxe6
{[%clk 00:02:35]} {[%emt 00:00:01]} 33. Bc4 {[%clk 00:20:57]} {[%emt 00:00:01]}
Rb2 {[%clk 00:02:29]} {[%emt 00:00:16]} 34. Kh2 {[%clk 00:19:01]} {[%emt
00:02:06]} Kf8 {[%clk 00:01:41]} {[%emt 00:00:59]} 35. Kg3 {[%clk 00:19:09]}
Ke7 {[%clk 00:01:49]} {[%emt 00:00:01]} 36. f4 {[%clk 00:18:53]} {[%emt
00:00:27]} Nc5 {[%clk 00:01:22]} {[%emt 00:00:37]} 37. Rxd4 {[%clk 00:18:41]}
{[%emt 00:00:21]} Nxb3 {[%clk 00:01:31]} {[%emt 00:00:02]} 38. Bxb3 {[%clk
00:16:07]} {[%emt 00:03:50]} Rxb3+ {[%clk 00:01:40]} {[%emt 00:00:01]} 39. Kg4
{[%clk 00:16:00]} {[%emt 00:00:16]} Rb1 {[%clk 00:01:39]} {[%emt 00:00:12]} 40.
g3 {[%clk 00:15:48]} {[%emt 00:00:22]} b3 {[%clk 00:01:38]} {[%emt 00:00:11]}
41. Rb4 {[%clk 00:15:54]} {[%emt 00:00:04]} b2 {[%clk 00:01:33]} {[%emt
00:00:15]} 1/2-1/2